|
|
|
|
| LEADER |
00000nam a2200000 a 4500 |
| 001 |
vtls001334854 |
| 003 |
SK-MaSNL |
| 005 |
20260301114443.0 |
| 008 |
210928s1979 GB a 0 slo |
| 020 |
|
|
|c 5,00
|
| 035 |
|
|
|a SNK000287810
|
| 040 |
|
|
|a SNK
|b slo
|c SNK
|e AACR2
|
| 044 |
|
|
|a GB
|
| 080 |
|
|
|a 284.1
|2 1981
|
| 080 |
|
|
|a 099.1
|2 1981
|
| 110 |
0 |
|
|a Evanjelická cirkev a.v.
|4 aut
|9 32425
|
| 245 |
1 |
|
|a Cesta k Bohu
|
| 260 |
|
|
|a [S.l.
|b s.n.]
|c 1994
|
| 300 |
|
|
|a 48 s.
|c 7x11 cm
|
| 610 |
0 |
7 |
|a Evanjelická cirkev a. v.
|x náboženstvo
|x príručky pre deti
|2 SNK
|9 457948
|
| 611 |
1 |
7 |
|a Evanjelická cirkev a. v.
|x náboženstvo
|x príručky pre deti
|2 SNK
|9 457949
|
| 650 |
0 |
7 |
|a náboženstvo evanjelické
|x príručky pre deti
|2 SNK
|9 457950
|
| 958 |
|
|
|a OND
|
| 999 |
|
|
|c 718441
|d 720371
|
| 952 |
|
|
|t P60, <04>, [BOOK], {604}
|a SNK
|b SNK
|y VYP
|7 0
|p 17A0140579
|o snkOSE 3525 D1
|i snkK 1048/98
|0 0
|1 0
|4 0
|d 1998-06-19
|l 0
|r 2005-01-02 00:00:00
|w 2026-02-23
|
| 952 |
|
|
|t P60, <03>, [BOOK], {603}
|a SNK
|b SNK
|y PREZ
|7 0
|p 17A0140580
|o snkOSE 3525
|i snkK 1047/98
|0 0
|1 0
|4 0
|d 1998-10-29
|l 0
|r 2005-01-02 00:00:00
|w 2026-02-23
|